| 000 | 00659 a2200193 4500 | ||
|---|---|---|---|
| 001 | 61090 | ||
| 005 | 20260407155902.0 | ||
| 008 | 260407a1961 arg spa d | ||
| 003 | AR-UNSa-BCEJYS | ||
| 040 |
_aAR-UNSa-BCEJYS _bspa _cAR-UNSa-BCEJYS |
||
| 080 |
_a347.9 _xDerecho procesal. Procedimiento judicial. Organización y personal al servicio de la administración de justicia |
||
| 245 | 1 | 0 | _aManual de actuación procesal ante el tribunal fiscal de la Nación |
| 264 | 1 |
_aBuenos Aires : _bAbeledo Perrot _c1961 |
|
| 300 |
_a220 p. _c23 cm. |
||
| 041 | _aspa | ||
| 942 | _cBK | ||
| 590 | _aniveau_biblio:m niveau_hierar:0 | ||
| 100 | 1 | _aZapolanski, Ignacio | |
| 999 |
_c7215 _d7215 |
||